• 首页
  • 本馆介绍
  • 公告通知
  • 最新文献
  • 馆藏检索
  • 电子资源
  • 读者导购
  • 参考咨询
  • 我的图书馆
  • 登录
  • 详细信息显示
  • 放入我的书架
  • 预约/预借图书
  • 作者相关作品
  • 分类相关作品
  • 丛书相关作品
  • 出版社相关作品

书目信息

  • 表格格式
  • 工作单格式
  • 卡片格式
题名:
药事管理与法规
    
 
作者: 左根永 主编
分册:  
出版信息: 北京   中国医药科技出版社  2021
页数: 404页
开本: 29cm
丛书名:
单 册:
中图分类: R95-44
科图分类:
主题词: 药政管理--资格考试--习题集 , 药事法规--资格考试--习题集
电子资源:
ISBN: 978-7-5214-2238-2
000 00943nam0 2200253 450
001 2347867761
005 20231217131836.40
010    @a978-7-5214-2238-2@dCNY 98.00
100    @a20210630d2021 em y0chiy0120 ea
101 0  @achi
102    @aCN@b110000
105    @ay zq 000yy
200 1  @a药事管理与法规@Ayao shi guan li yu fa gui@b专著@f左根永主编
205    @a6版
210    @a北京@c中国医药科技出版社@d2021
215    @a404页@d29cm
300    @a医药科技版执业药师考试类图书 2021国家执业药师职业资格考试通关必做2000题
330    @a本书根据最新版执业药师职业资格考试大纲及考试指南的内容要求编写而成。书中习题按新版考试指南章节编排,考点覆盖全面,题型与真题要求完全一致,并逐题配有答案和详尽解析。书末附赠一套模拟试卷。
606 0  @a药政管理@x资格考试@j习题集
606 0  @a药事法规@x资格考试@j习题集
690    @aR95-44@v5
701  0 @a左根永@Azuo gen yong@4主编
801  2 @aCN@b辽宁北配@c20231205
905    @aBZT@dR95-44@e6=6
    
    药事管理与法规/左根永主编.-6版.-北京:中国医药科技出版社,2021
    404页;29cm
    医药科技版执业药师考试类图书 2021国家执业药师职业资格考试通关必做2000题
    
    ISBN 978-7-5214-2238-2:CNY 98.00
    本书根据最新版执业药师职业资格考试大纲及考试指南的内容要求编写而成。书中习题按新版考试指南章节编排,考点覆盖全面,题型与真题要求完全一致,并逐题配有答案和详尽解析。书末附赠一套模拟试卷。
●
相关链接 在五车中查询图书 在当当中查询图书 在豆瓣中查询图书


正题名:药事管理与法规     索取号:R95-44/6=6         预约/预借

序号 登录号 条形码 馆藏地/架位号 状态 备注
1 2001626717   2001626717   辽三/辽宁北配(第三批)/2671/ [索取号:R95-44/6=6] 在馆    
2 2001626718   2001626718   辽三/辽宁北配(第三批)/2671/ [索取号:R95-44/6=6] 在馆    
3 2001626719   2001626719   辽三/辽宁北配(第三批)/2671/ [索取号:R95-44/6=6] 在馆    
4 2001626720   2001626720   辽三/辽宁北配(第三批)/2671/ [索取号:R95-44/6=6] 在馆    
5 2001626721   2001626721   辽三/辽宁北配(第三批)/2671/ [索取号:R95-44/6=6] 在馆    
6 2001626722   2001626722   辽三/辽宁北配(第三批)/2671/ [索取号:R95-44/6=6] 在馆    
7 2001626723   2001626723   辽三/辽宁北配(第三批)/2671/ [索取号:R95-44/6=6] 在馆    
8 2001626724   2001626724   辽三/辽宁北配(第三批)/2671/ [索取号:R95-44/6=6] 在馆    
山东省滨州职业学院图书馆 欢迎您!
大连网信软件有限公司© 版权所有